| 000 | 00608cam a2200217 4500500 | ||
|---|---|---|---|
| 005 | 20260329003952.0 | ||
| 041 | _afre | ||
| 042 | _adc | ||
| 100 | 1 | 0 |
_aVarela, Francisco _eauthor |
| 245 | 0 | 0 | _aLe Supermarché du visible |
| 260 | _c2017. | ||
| 500 | _a88 | ||
| 690 | _aIconomie | ||
| 690 | _aPerception | ||
| 690 | _aPeter Szendy | ||
| 690 | _aRegard | ||
| 690 | _aVisible | ||
| 690 | _aVoir | ||
| 786 | 0 | _nPhilosophie magazine | 114 | 11 | 2017-11-01 | p. 54-54 | 1951-1787 | |
| 856 | 4 | 1 | _uhttps://shs.cairn.info/magazine-philosophie-magazine-2017-11-page-54?lang=fr&redirect-ssocas=7080 |
| 999 |
_c1829354 _d1829354 |
||